Normal view MARC view
  • CHATURVEDI, PHANEENDRA NATH

Entry Personal Name

Number of records used in: 7

001 - CONTROL NUMBER

  • control field: 8706

003 - CONTROL NUMBER IDENTIFIER

  • control field: JRU

005 - DATE AND TIME OF LATEST TRANSACTION

  • control field: 20250929151120.0

008 - FIXED-LENGTH DATA ELEMENTS

  • fixed length control field: 250929|| aca||aabn | a|a d

040 ## - CATALOGING SOURCE

  • Original cataloging agency: JRU
  • Transcribing agency: JRU

100 ## - HEADING--PERSONAL NAME

  • Personal name: CHATURVEDI, PHANEENDRA NATH

670 ## - SOURCE DATA FOUND

  • Source citation: Work cat.: (JRU)8850: CHATURVEDI, PHANEENDRA NATH , RASHTRA KE AMAR SENANI, 2024